Online reklama a jej vplyv na spotrebiteľské správanie bakalárska práca

Gespeichert in:
Bibliographische Detailangaben
1. Verfasser: Kriváková, Veronika
Körperschaft: Podnikovohospodárska fakulta EU so sídlom v Košiciach. Katedra obchodného podnikania
Weitere Verfasser: Dzuričková, Jana
Format: Buch
Sprache:Slowakisch
Veröffentlicht: Košice 2016
Tags: Tag hinzufügen
Keine Tags, Fügen Sie das erste Tag hinzu!

MARC

LEADER 00000nbm a2200000 4500
001 0217785
005 20161219093115.2
041 0 |a slo 
044 |a SK 
245 1 0 |a Online reklama a jej vplyv na spotrebiteľské správanie  |b bakalárska práca  |c Veronika Kriváková ; školiteľ: Jana Dzuričková 
264 1 |a Košice  |c 2016 
300 |a 38 s. 
100 1 |a Kriváková, Veronika 
700 1 |a Dzuričková, Jana 
710 2 |a Podnikovohospodárska fakulta EU so sídlom v Košiciach. Katedra obchodného podnikania